Občanské vybavení : územní principy racionálního rozvoje /

Hlavní autor: Musil, Josef, 1972-
Jazyk: Čeština
Vydáno: Brno : Výzkumný ústav výstavby a architektury, 1989
Vydání: 1. vyd.
Témata:
Fyzický popis: 83 s.
Language note: Anglické, ruské a německé resumé
Knihy
Uloženo v:
LEADER 01151nam a22003132a 4500
001 000202571
003 CZ BrMZK
005 20090611183432.0
007 ta
008 970103s1989 xr f cze d
015 |a cnb000055881 
035 |a (OCoLC)39412175 
040 |a BOA001  |b cze 
041 0 |a cze  |b eng  |b ger  |b rus 
080 9 |a 725 
080 9 |a 727.1 
100 1 |a Musil, Josef,  |d 1972-  |7 mzk2002105305  |4 aut 
245 1 0 |a Občanské vybavení :  |b územní principy racionálního rozvoje /  |c Josef Musil 
250 |a 1. vyd. 
260 |a Brno :  |b Výzkumný ústav výstavby a architektury,  |c 1989 
300 |a 83 s. 
504 |a Obsahuje bibliografii 
546 |a Anglické, ruské a německé resumé 
910 |a BOA001  |b TK-0245.353  |b 2-0959.474 
964 |a Vybavení občanské - rozvoj - plánování 
990 |a BK 
996 7 |b 2619344201  |c 2-0959.474  |l MZK  |r Sklad / do 1 hodiny  |n 6  |w 000202571  |u 000030  |a 1  |e BOA001  |j MZK50  |s A 
996 7 |b 2629992885  |c TK-0245.353  |l MZK  |r Sklad / do 24 hodin  |n 3  |w 000202571  |u 000010  |a 1  |e BOA001  |j MZK50  |s A 
996 7 |b 2629992886  |c TK-0245.353  |l MZK  |r Sklad / do 24 hodin  |n 1  |w 000202571  |u 000020  |a 1  |e BOA001  |j MZK50  |s A